000 00586nam a22002297a 4500
003 UA-OsUOA
001 20474
007 ta
008 20031029b un ||||| |||| 00| 0 ukr d
090 _a91(059)
_bЗ-53
942 _cBK
040 _aUA-OsUOA
_brus
_cUA-OsUOA
_dUA-OsUOA
245 _aЗемля и люди
_cГ.П.Богоявленский В.Н.Дунаев Д.В.Недосекин
300 _a390 с.
955 _a0
041 _arus
080 _a91(059)
260 _aМосква
_bГеографгиз
_c1958
044 _aRU
650 7 _2UDC
999 _c306652
_d306652